Movies Quiz

Random Movies or Actor Quiz

Characters in Guy Ritchie's Mob Movies Quiz Stats

 Plays Quiz not verified by Sporcle

Score 0/60 Timer 08:00
0 Plays Today
Actor/Actress Character % Correct
SnatchTurkish
89.4%
SnatchMickey O'Neil
87.2%
Lock, Stock and Two Smoking BarrelsMickey
86.2%
RocknRollaMickey
86.2%
SnatchBrick Top
84.4%
SnatchBullet Tooth Tony
83.9%
Lock, Stock and Two Smoking BarrelsTom
83.5%
SnatchTommy
81.7%
Lock, Stock and Two Smoking BarrelsJ
78.4%
RocknRollaOne Two
78.4%
Lock, Stock and Two Smoking BarrelsSoap
76.6%
SnatchFranky Four Fingers
76.6%
SnatchBoris 'The Blade' Yurinov
76.1%
RevolverAvi
75.2%
Lock, Stock and Two Smoking BarrelsBacon
73.4%
Snatch'Cousin' Avi Denovitz
73.4%
SnatchTyrone
72.5%
SnatchDoug 'The Head' Denovitz
71.6%
SnatchSol
70.6%
RocknRollaHandsome Bob
70.6%
Lock, Stock and Two Smoking BarrelsJohn
70.2%
RocknRollaArchy
70.2%
Lock, Stock and Two Smoking Barrels'Hatchet' Harry Lonsdale
67.9%
Lock, Stock and Two Smoking BarrelsBig Chris
66.5%
RocknRollaJohnny Quid
65.6%
Lock, Stock and Two Smoking BarrelsNick 'The Greek'
65.1%
SnatchGorgeous George
65.1%
RocknRollaMumbles
64.7%
Lock, Stock and Two Smoking BarrelsLittle Chris
61.9%
Lock, Stock and Two Smoking BarrelsBarry the Baptist
61.5%
Actor/Actress Character % Correct
RocknRollaRoman
61.5%
SnatchVinny
60.6%
Lock, Stock and Two Smoking BarrelsJD
60.1%
RocknRollaLenny Cole
58.7%
Lock, Stock and Two Smoking BarrelsDog
58.3%
Lock, Stock and Two Smoking BarrelsWinston
56.9%
RocknRollaStella
56%
RocknRollaTank
56%
RocknRollaCookie
55%
Lock, Stock and Two Smoking BarrelsPlank
54.1%
Lock, Stock and Two Smoking BarrelsRory Breaker
50.9%
RocknRollaBertie
50.5%
RocknRollaFred The Head
49.1%
Lock, Stock and Two Smoking BarrelsEddy
46.8%
Lock, Stock and Two Smoking BarrelsGary
45.9%
Lock, Stock and Two Smoking BarrelsDean
41.7%
Lock, Stock and Two Smoking BarrelsCharles
38.5%
RocknRollaUri Omovich
37.6%
Lock, Stock and Two Smoking BarrelsWillie
36.2%
Lock, Stock and Two Smoking BarrelsPaul
36.2%
RocknRollaPete
36.2%
RevolverZach
31.2%
RevolverSorter
27.1%
RevolverBilly
17.4%
RevolverJake Green
9.6%
RevolverDorothy Macha
6%
RevolverFrench Paul
2.8%
RevolverLord John
2.3%
RevolverSlim Biggins
1.8%
RevolverLily Walker
1.8%

You're not logged in!

Compare scores with friends on all Sporcle quizzes.
OR
Log In

Show Comments

Extras

Top Quizzes Today


Score Distribution

Your Account Isn't Verified!

In order to create a playlist on Sporcle, you need to verify the email address you used during registration. Go to your Sporcle Settings to finish the process.

Report this User

Report this user for behavior that violates our Community Guidelines.

Details: